000 00648nam a22001697a 4500
999 _c60578
_d60578
005 20230911170533.0
008 230911s1968 gw ||||| |||| 00| 0 ger d
041 _ager
080 _a94 M-84
100 _aMorenz, Siegfried
_919798
245 _aDie Begegnung Europas mit Ägypten:
_bHerodots Begegnung mit Ägypten /
_cSiegfried Morenz, Martin Kaiser.
264 _aBerlin,
_c1968.
300 _a246 p. ;
_b22 cm.
653 _aევროპასა და ეგვიპტეს შორის შეხვედრა
653 _aჰეროდოტეს შეხვედრა ეგვიპტესთან
942 _2udc
_cBK